000 00642nam a2200205Ia 4500
003 GCL
008 140319s9999 xx 000 0 ara d
040 _aGCL /
_cGCL
082 0 4 _a814.008
_bا ا
100 1 _aابراهيم المصرى
245 1 0 _aالادب الحى: مجموعة مقالات وابحاث فى الادب والنقد مزيله بقصة ودراما كاملة /
_cابراهيم المصرى
300 _a251 ص
490 _a
650 0 4 _aالادب العربى
650 0 4 _aالمسرحيات
650 0 4 _aالمقالات
650 0 4 _aالقصص
650 0 4 _aالمجموعات
942 _2ddc
_cBK
999 _c40648
_d40648